00488 2200205 4500001002100000005001500021035002000036008004100056245004000097100002000137250000600157260003600163300001100199084001400210082000800224650001400232990001200246990001200258990001200270INLIS00000000000028920240503081159 a0010-0424000265240503 0 ind 1 aHari Akhir Zaman /cM. Rosid Kusnan aKusnan, M.Rosid a1 aJakarta :bCempaka Putih,c2015 a60 hlm a200 ROS h a200 4aNon Fiksi a0728823 a0728824 a0728825